| 000 | 00535nam a22001937a 4500 | ||
|---|---|---|---|
| 999 |
_c167533 _d167533 |
||
| 005 | 20190906123543.0 | ||
| 010 | _aENG-126448 | ||
| 020 |
_c425.00 _a978-93-50330-97-5 |
||
| 035 | _aEN-109980 | ||
| 037 | _bDBAD/PUB | ||
| 082 | _a332.6 | ||
| 100 | _aMarx, Karl | ||
| 245 |
_aCapital / _cBy Karl Mark |
||
| 260 |
_aU.P _bMaple Press _c2017 |
||
| 270 |
_bNoida _aA63,Sector58, _e201301 _k+911204553581 _l4553583 _minfo@maplepress.co.in |
||
| 300 |
_a846p. _c22cm(pbk) |
||
| 500 | _a | ||
| 942 |
_2ddc _cEN _h332.6 _mMAR |
||